Možnosti kvantifikácie spotrebnej funkcie diplomová práca

Salvato in:
Dettagli Bibliografici
Autore principale: Halászová, Nikola
Ente Autore: Fakulta hospodárskej informatiky EU. Katedra operačného výskumu a ekonometrie
Altri autori: Surmanová, Kvetoslava
Natura: Libro
Lingua:slovacco
Pubblicazione: Bratislava 2013
Tags: Aggiungi Tag
Nessun Tag, puoi essere il primo ad aggiungerne!!

MARC

LEADER 00000nbm a2200000 4500
001 0175129
005 20161228124956.5
041 0 |a slo 
044 |a SK 
245 1 0 |a Možnosti kvantifikácie spotrebnej funkcie  |b diplomová práca  |c Nikola Halászová ; školiteľ: Kvetoslava Surmanová 
264 1 |a Bratislava  |c 2013 
300 |a 61 s. 
100 1 |a Halászová, Nikola 
700 1 |a Surmanová, Kvetoslava 
710 2 |a Fakulta hospodárskej informatiky EU. Katedra operačného výskumu a ekonometrie